[Event "GRE-ch U14"]
[Site "Patras"]
[Date "2013.07.14"]
[Round "9.3"]
[White "Kadianis, Georgios"]
[Black "Kalikakis, Nikolaos"]
[Result "1/2-1/2"]
[WhiteElo "1691"]
[BlackElo "1348"]
[PlyCount "92"]
[EventDate "2013.07.08"]
[EventType "swiss"]
[EventRounds "9"]
[EventCountry "GRE"]
[SourceTitle "EXT 2024"]
[Source "ChessBase"]
[SourceDate "2023.10.10"]
[SourceVersion "1"]
[SourceVersionDate "2023.10.10"]
[SourceQuality "1"]

1. e4 c5 2. Nf3 e6 3. d4 cxd4 4. Nxd4 Nf6 5. Nc3 a6 6. a4 Be7 7. Be2 Nc6 8. 0-0 b6 9. Nb3 Rb8 10. f4 d6 11. Bf3 Na5 12. Qe2 0-0 13. Be3 Qc7 14. Nxa5 bxa5 15. Rab1 Rb4 16. Kh1 Bb7 17. Bd2 Rc4 18. g4 d5 19. exd5 exd5 20. b3 Rc5 21. g5 Ne4 22. Nxe4 dxe4 23. Bxe4 Rxc2 24. Rbc1 Rd8 25. Rxc2 Qxc2 26. Bxb7 Bb4 27. f5 Qxd2 28. Qxd2 Bxd2 29. g6 fxg6 30. fxg6 hxg6 31. Bxa6 Rd6 32. Bc4+ Kh7 33. Rf3 g5 34. Bd3+ g6 35. Kg2 Kg7 36. h3 Rd4 37. Kf1 Rf4 38. Ke2 Rxf3 39. Kxf3 Kf6 40. Ke4 Bb4 41. Kd5 Bc3 42. Kd6 Bb4+ 43. Kd7 Bc3 44. Ke8 Bb4 45. Bc2 Bc5 46. Be4 Bb4 1/2-1/2

[Event "GRE-ch U14"]
[Site "Patras"]
[Date "2013.07.10"]
[Round "4.8"]
[White "Kalikakis, Nikolaos"]
[Black "Apostolakakis, Konstantinos"]
[Result "0-1"]
[WhiteElo "1348"]
[BlackElo "1782"]
[PlyCount "66"]
[EventDate "2013.07.08"]
[EventType "swiss"]
[EventRounds "9"]
[EventCountry "GRE"]
[SourceTitle "EXT 2024"]
[Source "ChessBase"]
[SourceDate "2023.10.10"]
[SourceVersion "1"]
[SourceVersionDate "2023.10.10"]
[SourceQuality "1"]

1. d4 Nf6 2. c4 e6 3. Nc3 Bb4 4. Qc2 b6 5. Bg5 Bb7 6. a3 Bxc3+ 7. Qxc3 h6 8. Bh4 0-0 9. e3 d6 10. Ne2 Nbd7 11. Qc2 e5 12. d5 a5 13. Nc3 Nc5 14. e4 g5 15. Bg3 Bc8 16. f3 Nh5 17. Bf2 f5 18. Bxc5 bxc5 19. Bd3 Nf4 20. g3 Nxd3+ 21. Qxd3 Qf6 22. Rf1 Qg6 23. Nb5 Rf7 24. 0-0-0 g4 25. Rf2 fxe4 26. Qe3 exf3 27. Rdf1 Bf5 28. h4 Bd3 29. h5 Qh7 30. Re1 Bxc4 31. Nc3 Bd3 32. Rd1 c4 33. Rdd2 Rb8 0-1

[Event "GRE-ch U18"]
[Site "Chania"]
[Date "2013.01.05"]
[Round "6.9"]
[White "Agnantis, Alexandros"]
[Black "Kalikakis, Nikolaos"]
[Result "1-0"]
[WhiteElo "1725"]
[BlackElo "1402"]
[PlyCount "73"]
[EventDate "2013.01.02"]
[EventType "swiss"]
[EventRounds "9"]
[EventCountry "GRE"]
[SourceTitle "EXT 2024"]
[Source "ChessBase"]
[SourceDate "2023.10.10"]
[SourceVersion "1"]
[SourceVersionDate "2023.10.10"]
[SourceQuality "1"]

1. e4 c5 2. Nc3 e6 3. g3 Qc7 4. Bg2 Nf6 5. f4 d6 6. Nf3 a6 7. a4 Nc6 8. 0-0 Be7 9. d4 b6 10. e5 dxe5 11. dxe5 Nd7 12. Ne4 0-0 13. Nd6 Rd8 14. Nxc8 Raxc8 15. Qe2 Ndb8 16. Be3 Nb4 17. Rfd1 Nd5 18. Bf2 Nb4 19. Ne1 Nd5 20. Rd2 Rd7 21. Bxd5 exd5 22. e6 Rdd8 23. exf7+ Kxf7 24. Qh5+ Kg8 25. Rxd5 Qc6 26. Rad1 Nd7 27. Qe2 Bf6 28. Rd6 Qxa4 29. Qe6+ Kh8 30. Rxd7 Rxd7 31. Qxd7 Qxd7 32. Rxd7 Bxb2 33. Rb7 Bd4 34. Rxb6 Bxf2+ 35. Kxf2 a5 36. Ra6 a4 37. Rxa4 1-0